Soil erosion and conservation

Bibliographic Details
Main Author: MORGAN 1942-
Format: Book
Published: Essex, England : Addison Wesley Longman , 1996
Edition:2nd ed.
Subjects:

MARC

LEADER 00000cam a2200000 7i4500
001 0000000242
005 20000724.0
020 0 0 |a 0470235144 
090 0 0 |a 631.45   |b MOR 1996 
100 1 0 |a MORGAN   |h R.P.C. (Royston Philip Charles)   |c 1942- 
245 1 0 |a Soil erosion and conservation   |c R.P.C. Morgan 
250 0 0 |a 2nd ed. 
260 0 0 |a Essex, England :   |b Addison Wesley Longman ,   |c 1996 
300 |a x, 198 p. :   |b ill., maps ;   |c 25 cm. 
500 0 0 |a Bibliography: [p. 165-194] and index 
650 0 0 |a Soil conservation 
650 0 0 |a Soil erosion 
999 |a 0000001445   |b Monograph   |c Open Shelf   |e Default branch 
999 |a 0000004065   |b Monograph   |c Open Shelf   |e Default branch